ბათუმის შოთა რუსთაველის სახელმწიფო უნივერსიტეტის ბიბლიოთეკა

ზოგადი ბიოქიმიის საფუძვლები : (ბიბ.ჩანაწერი № 63036)

000 -ლიდერი
ფიქსირებული სიგრძის საკონტროლო ველი 01342nam a22002297a 4500
003 - საკონტროლო ნომრის იდენტიფიკატორი
საკონტროლო ველი Ge_BSU
005 - ბოლო ოპერაციის თარიღი და დრო
საკონტროლო ველი 20250516105244.0
008 - ფიქსირებული სიგრძის მონაცემთა ელემენტები - ზოგადი ინფორმაცია
ფიქსირებული სიგრძის საკონტროლო ველი 250516s2023 ge ||||| |||| 00| 0 geo d
020 ## - წიგნის საერთაშორისო სტანდარტული ნომერი
International Standard Book Number 9789941853838
041 ## - ენის კოდი
Language code of text/sound track or separate title geo
080 ## - უნივერსალური ათობითი კლასიფიკაციის ინდექსი
Universal Decimal Classification number 577.1 ა-48
100 ## - მთავარი ჩანაწერი - პიროვნების სახელი
Personal name ალექსიძე, ნუგზარ
9 (RLIN) 2610
245 ## - ცნობა სათაურის შესახებ
Title ზოგადი ბიოქიმიის საფუძვლები :
Remainder of title [სახელმძღვანელო] /
Statement of responsibility, etc ნუგზარ ალექსიძე. მარინა ფირცხალავა ; რედაქტორები: მალხაზ ვახანია, თეიმურაზ თავხელიძე.
264 ## - წარმოების, გამოცემის, დისტრიბუციის და სხვა ცნობები
გამოცემის, წარმოების, დისტრიბუციის... ადგილი თბილისი,
გამოცემის, წარმოების, დისტრიბუციის... თარიღი 2023.
300 ## - ფიზიკური აღწერა
Extent 346 გვ. :
Other physical details სურ. ;
Dimensions 30 სმ.
500 ## - ზოგადი შენიშვნა
General note ეძღვნება მასწავლებელს, მეგობარს და კოლეგას ბ-ნ ნუგზარ ალექსიძეს
653 ## - INDEX TERM--UNCONTROLLED
Uncontrolled term ბიოქიმია
700 ## - ADDED ENTRY--PERSONAL NAME
Personal name ფირცხალავა, მარინა
Relator term ავტორი
9 (RLIN) 25054
700 ## - ADDED ENTRY--PERSONAL NAME
Personal name ვახანია, მალხაზ
Relator term რედაქტორი
9 (RLIN) 25055
700 ## - ADDED ENTRY--PERSONAL NAME
Personal name თავხელიძე, თეიმურაზ
Relator term რედაქტორი
9 (RLIN) 25056
942 ## - ADDED ENTRY ELEMENTS (KOHA)
Source of classification or shelving scheme
Koha item type წიგნი
ეგზემპლარები
ჩამოწერის სტატუსი დაკარგული ეგზემპლარის სტატუსი კლასიფიკაციის წყარო ან თაროზე გაწყობის სქემა დაზიანების სტატუსი არ გაიცემა მუდმივი მდებარეობა (დაცვის ადგილი) ამჟამინდელი ადგილსამყოფელი თაროზე განთავსების ადგილი შეძენის თარიღი ღირებულება, შესყიდვის ნორმალური ფასი სრული შენახვის შიფრი შტრიხკოდი ბოლო ოპერაციის თარიღი ეგზემპლარის მიმდევრობითი ნომერი (კეტერი?) ფასის ძალაში შესვლის თარიღი ეგზემპლარის სახეობა საჯარო შენიშვნა
          ბათუმის შოთა რუსთაველის სახელმწიფო უნივერსიტეტის მთავარი ბიბლიოთეკა ბათუმის შოთა რუსთაველის სახელმწიფო უნივერსიტეტის მთავარი ბიბლიოთეკა წიგნსაცავი 2025-05-16 59.50 577.1 ა-48 71462 2025-05-16 71462 2025-05-16 წიგნი 59 ლ. 50 თ.
          ბათუმის შოთა რუსთაველის სახელმწიფო უნივერსიტეტის მთავარი ბიბლიოთეკა ბათუმის შოთა რუსთაველის სახელმწიფო უნივერსიტეტის მთავარი ბიბლიოთეკა წიგნსაცავი 2025-05-16 59.50 577.1 ა-48 71463 2025-05-16 71463 2025-05-16 წიგნი 59 ლ. 50 თ.
          ბათუმის შოთა რუსთაველის სახელმწიფო უნივერსიტეტის მთავარი ბიბლიოთეკა ბათუმის შოთა რუსთაველის სახელმწიფო უნივერსიტეტის მთავარი ბიბლიოთეკა წიგნსაცავი 2025-05-16 59.50 577.1 ა-48 71464 2025-05-16 71464 2025-05-16 წიგნი 59 ლ. 50 თ.
          ბათუმის შოთა რუსთაველის სახელმწიფო უნივერსიტეტის მთავარი ბიბლიოთეკა ბათუმის შოთა რუსთაველის სახელმწიფო უნივერსიტეტის მთავარი ბიბლიოთეკა წიგნსაცავი 2025-05-16 59.50 577.1 ა-48 71465 2025-05-16 71465 2025-05-16 წიგნი 59 ლ. 50 თ.
          ბათუმის შოთა რუსთაველის სახელმწიფო უნივერსიტეტის მთავარი ბიბლიოთეკა ბათუმის შოთა რუსთაველის სახელმწიფო უნივერსიტეტის მთავარი ბიბლიოთეკა წიგნსაცავი 2025-05-16 59.50 577.1 ა-48 71466 2025-05-16 71466 2025-05-16 წიგნი 59 ლ. 50 თ.